INFORMATION TECHNOLOGY -VI (Record no. 8429)

MARC details
000 -LEADER
fixed length control field 00254nam a22000977a 4500
008 - FIXED-LENGTH DATA ELEMENTS--GENERAL INFORMATION
fixed length control field 180116b ||||| |||| 00| 0 eng d
020 ## - INTERNATIONAL STANDARD BOOK NUMBER
International Standard Book Number 9788182965331
100 ## - MAIN ENTRY--PERSONAL NAME
9 (RLIN) 4830
Personal name DEY.D.K ET AL
245 ## - TITLE STATEMENT
Title INFORMATION TECHNOLOGY -VI
260 ## - PUBLICATION, DISTRIBUTION, ETC. (IMPRINT)
Place of publication, distribution, etc. NEW DELHI
Name of publisher, distributor, etc. ARYA
Date of publication, distribution, etc. 2017
Holdings
Withdrawn status Lost status Source of classification or shelving scheme Damaged status Koha normalized classification for sorting Not for loan Home library Current library Shelving location Date acquired Total Checkouts Full call number Barcode Date last seen Price effective from Koha item type
    Dewey Decimal Classification   DEY_005_000000000000000_D7   Good Samaritan School Library Good Samaritan School Library Computer Science 01/16/2018   DEY005 D-7 DEY14622 01/16/2018 01/16/2018 BOOK

Powered by Koha